Olvasókönyv szolmizálóknak
Guardat en:
| Format: | Llibre |
|---|---|
| Idioma: | hongarès |
| Publicat: |
Budapest
Editio Musica Budapest
1900
|
| Col·lecció: | Z, 1899
|
| Matèries: | |
| Etiquetes: |
Afegir etiqueta
Sense etiquetes, Sigues el primer a etiquetar aquest registre!
|
MARC
| LEADER | 00000nam a2200000 a 4500 | ||
|---|---|---|---|
| 001 | UCM0296 | ||
| 003 | CL-VaPUC | ||
| 005 | 20240628155538.0 | ||
| 008 | 020125e19000000HU |||||||||||||||||hun|d | ||
| 999 | |c 299258 |d 299256 | ||
| 040 | |c Pontificia Universidad Católica de Valparaíso | ||
| 082 | 0 | 4 | |a 781.42 BAC 1900 |2 21 |
| 100 | |a Bach, Johann Sebastian |d 1685-1750 |e compositor |9 269760 | ||
| 245 | 1 | 0 | |a Olvasókönyv szolmizálóknak |
| 260 | |a Budapest |b Editio Musica Budapest |c 1900 | ||
| 300 | |a 32 p | ||
| 490 | 0 | |a Z, 1899 | |
| 583 | |a last modification |c 20020125 00:00:00 |k Rodrigo Vera | ||
| 650 | 0 | |a Solfeo, partituras |9 466985 | |
| 650 | 0 | |a Solfeo melódico |2 CL-VaPUC |9 884789 | |
| 650 | 0 | |a Solfeo, repertorio |2 CL-VaPUC |9 467012 | |
| 650 | 0 | |a Solfeo, interpretación |9 466984 | |
| 942 | |c BK |2 ddc | ||
| 945 | |d 20020125 00:00:00 |a lriquelm | ||
| 952 | |0 0 |1 0 |4 0 |6 781_420000000000000_BAC_1900 |7 0 |8 A |9 355566 |a BIBEDU |b BIBEDU |d 2019-11-21 |i 1157019 |o 781.42 BAC 1900 |p 1157019 |r 2023-11-22 |w 2019-11-21 |y BK |k MUS | ||